| 000 | 00568nam a2200169Ia 4500 | ||
|---|---|---|---|
| 008 | 210430s9999 xx 000 0 und d | ||
| 020 | _a978-81-265-2301-6 | ||
| 082 | _a670 G8731 F | ||
| 100 |
_aMikell P. Groover _954271 |
||
| 245 |
_aFundamentals of Modern Manufacturing / _cMikell P. Groover |
||
| 250 | _a3rd edition | ||
| 260 |
_aIndia _bWiley _c2010 |
||
| 300 | _a1013p | ||
| 856 |
_uhttp://10.250.8.41:8080/xmlui/handle/123456789/46421 _yE-Book, 3rd ed. |
||
| 856 |
_uhttp://10.250.8.41:8080/xmlui/handle/123456789/46414 _yE-Book, 4th ed. |
||
| 942 |
_cBK _2ddc |
||
| 999 |
_c564763 _d564763 |
||